000 00719nas a2200241 4500
001 BR0904036
003 BR-BrBNA
005 20231205113245.0
007 ta
008 230509b bl.|||p| |||| 00| 00por d
040 _aBR-BrBNA
_bpor
_cBiblioteca Nacional de Agricultura
041 _a(En)
072 _aM12
100 1 _aGomes, L. de C.
245 1 _aPhysiological responses of pirarucu (Arapaima gigas)to acute handling stress
650 _aPIRARUCU
650 _aCONSUMO ALIMENTAR
650 _aPROJETO PESQUEIRO
650 _aMANEJO
773 0 _tActa Amazônica (Brazil)
_xISSN 0044-5967
_g(Dec 2007), v. 37(4) p. 629-634
_wBR0904036
909 _a202311
_bLúcia
_c55
_dLúcia Elande
942 _2AGRIS
_n0
_cANA
999 _c202744
_d202744